00689 2200253 4500001002100000005001500021035002000036007000300056008004100059020002200100082000800122084001400130100002100144245009800165250001000263260003500273300003800308650002000346700001000366700001100376504002600387990001100413990001100424INLIS00000000000428420191022034222 a0010-1019000136ta191022 g 0 ind  a978-602-51766-4-7 a420 a420 FIT j0 aRAHMAWATI, Fitri1 aJago ngomong bahasa inggris sehari-hari /cFitri Rahmawati; editor, Surya; penyunting, Komala acet.1 aTanggerang :bCemerlang,c2018 aviii, 142 hlm. :bilus. ;c19 cm. 4aBAHASA. INGGRIS0 aSURYA0 aKOMALA aBibliografi: hlm. 142 a7057 a a7057 B